000 00637nam a22002177a 4500
003 UA-OsUOA
001 39540
007 ta
008 20060621b un ||||| |||| 00| 0 ukr d
100 _aАрсеньева М.Г.
090 _a811.11
_bА85
942 _cBK
040 _aUA-OsUOA
_cUA-OsUOA
_dUA-OsUOA
245 _aВведение в германскую филологию
300 _a320 с.
955 _a0
080 _a811.11
260 _aМ.
_bВысшая школа
_c1980
650 7 _a8 Мовознавство. Художня література. Літературознавство
_2UDC
999 _c325681
_d325681